Gaming Quiz

Random Gaming or Pokémon Quiz
Score 0/45 Timer 05:00
0 Plays Today
Pokédex # Pokémon Name % Correct
650Chespin
100%
677Espurr
100%
652Chesnaught
97.6%
653Fennekin
97.6%
654Braixen
97.6%
655Delphox
97.6%
656Froakie
97.6%
657Frogadier
97.6%
658Greninja
97.6%
659Bunnelby
97.6%
660Diggersby
97.6%
661Fletchling
97.6%
662Fletchinder
97.6%
663Talonflame
97.6%
665Spewpa
97.6%
667Litleo
97.6%
678Meowstic
97.6%
679Honedge
97.6%
680Doublade
97.6%
681Aegislash
97.6%
709Trevenant
97.6%
711Gourgeist
97.6%
716Xerneas
97.6%
Pokédex # Pokémon Name % Correct
717Yveltal
97.6%
718Zygarde
97.6%
719Diancie
97.6%
664Scatterbug
95.1%
693Clawitzer
95.1%
712Bergmite
95.1%
669Flabébé
92.7%
670Floette
92.7%
671Florges
92.7%
682Spritzee
92.7%
683Aromatisse
92.7%
688Binacle
92.7%
689Barbaracle
92.7%
690Skrelp
92.7%
691Dragalge
92.7%
692Clauncher
92.7%
694Helioptile
92.7%
695Heliolisk
92.7%
707Klefki
92.7%
702Dedenne
90.2%
715Noivern
90.2%
700Sylveon
85.4%
Remove Ads.
Support Sporcle.
Get the best of Sporcle when you Go Orange. This ad-free experience offers more features, more stats, and more fun while also helping to support Sporcle. Thank you for becoming a member.

You're not logged in!

Compare scores with friends on all Sporcle quizzes.
OR
Log In

Show Comments

Extras

Created Jan 4, 2019ReportNominate
Tags:Pokémon Quiz, All Pokémon

Top Quizzes Today


Score Distribution

Your Account Isn't Verified!

In order to create a playlist on Sporcle, you need to verify the email address you used during registration. Go to your Sporcle Settings to finish the process.

Report this User

Report this user for behavior that violates our Community Guidelines.

Details: